000 00617nam a2200229Ia 4500
003 OSt
005 20220925215234.0
006 a|||||r|||| 00| 0
007 ta
008 220923b |||||||| |||| 00| 0 eng d
037 _cGeneral Book
040 _aRTL
_cRTL
_beng
041 _2eng
_aeng
082 _aY, L0/TD3
100 _aGOULDNER Alvin W
_9123885
245 0 _aComing crisis of Western sociology
260 _aLondon
_bHeinemann
_c1970
300 _axv, 528p.
_ccm.
650 _aEssays Sociology
942 _hY, L0/TD3
_cGB
_2CC
999 _c568268
_d568268